Oleiros quinhenttistas em Portugal (Record no. 45985)

MARC details
000 -Etiqueta do registo
Valores 00402nam a2200169 4500
100 ## - Dados gerais de processamento
Dados gerais 20260407 pory50
101 ## - Língua de publicação
Língua por
102 ## - País de publicação
País PT
200 ## - Titulo e menção de responsabilidade
Título próprio Oleiros quinhenttistas em Portugal
Primeira menção de responsabilidade Vergílio Correia
210 ## - Publicação
Nome do editor [revista] Águia
215 ## - Descrição física 
Paginação / Volumes 1 v.
305 ## - Nota relativa à edição da publicação
Texto da nota Sep. da Águia, vol. XV, p. 128
675 ## - CDU
Notação 738(469)
801 ## - Fonte de origem
País PT
Regras de catalogação RPC
990 ## - Elementos KOHA
Tipo de documento Livro
Holdings
Aquisição Empréstimo Código de barras Cota Permissão de empréstimo Tipo de documento Nota relativa ao exemplar
Biblioteca Municipal de Redondo Biblioteca Municipal de Redondo 057169 738(469) COR Consulta presencial Livro fotocopiado do original

Powered by Koha